'Doctor Who' Actors Quiz Stats

 Plays Quiz Updated Feb 20, 2019

     
Support Sporcle.
Go Orange.
Score 0/13 Timer 03:00
2 Plays Today
% Correct
David Tennant
93.7%
Christopher Eccleston
91.8%
Matt Smith
91.6%
Peter Capaldi
90.9%
Tom Baker
89.1%
Jodie Whittaker
86.5%
William Hartnell
83%
Colin Baker
82.9%
Sylvester McCoy
81.8%
Jon Pertwee
81.3%
Peter Davison
80.9%
Patrick Troughton
77.9%
Paul McGann
77.5%

From the Vault

Sliced TV Shows

by babymonkee

No matter how you slice it, these are some great shows.
Remove Ads.
Support Sporcle.
Get the best of Sporcle when you Go Orange. This ad-free experience offers more features, more stats, and more fun while also helping to support Sporcle. Thank you for becoming a member.

Show Comments

Extras

Top Quizzes Today


Score Distribution

Your Account Isn't Verified!

In order to create a playlist on Sporcle, you need to verify the email address you used during registration. Go to your Sporcle Settings to finish the process.

Report this User

Report this user for behavior that violates our Community Guidelines.

Details: